| 000 | 00606nam a22001577a 4500 | ||
|---|---|---|---|
| 082 | _a621.3 | ||
| 100 | _aMushtaq, Khurram ; Abdullh ; Umer, Muhammad | ||
| 245 |
_aBlood Sugar Level Optimization Through Artificial Intelligence / _cKhurram Mushtaq ; Abdullh ; Muhammad Umer |
||
| 260 |
_aIslamabad : _bSEECS - NUST, _c2019. |
||
| 300 |
_a56 p. ; _c30cm. |
||
| 650 | _aElectrical (Electronics) Engineering-Project Report | ||
| 700 |
_aDr. Ahmad Salman _918529 |
||
| 856 | _uhttp://10.250.8.41:8080/xmlui/handle/123456789/29559 | ||
| 942 |
_2ddc _cPR |
||
| 999 |
_c536246 _d536246 |
||